Sąsiedzi Polski w XX wieku - Statystyki

Ogólne statystyki
  • Ten quiz został rozwiązany 63 razy
    51 od ostatniego zresetowania
  • Średni wynik to 12 z 14
Statystyki odpowiedzi
Lata graniczenia Państwo % Poprawnych
1991- Białoruś
100%
1921-1939, 1990- Litwa
100%
1991- Rosja
100%
1939, 1993- Słowacja
100%
1993- Czechy
98%
1918-1939, 1990- Niemcy
98%
1991- Ukraina
98%
1918-1939, 1945-1993 Czechosłowacja
93%
1919-1939 Rumunia
90%
1922-1939, 1945-1991 Związek Radziecki
90%
1949-1990 NRD
80%
1938-1939 Węgry
78%
1921-1939 Łotwa
71%
1920-1939 Wolne Miasto Gdańsk
51%
Nie znaleziono quizów pasujących do podanych kryteriów
Rozkład punktacji
Procent ludzi z każdym wynikiem
Percentyl według liczby udzielonych odpowiedzi
Twoja historia wyników
Nie rozwiązałeś tego quizu od ostatniego zresetowania